000 00288nam a22001337a 4500
008 171017b xxu||||| |||| 00| 0 eng d
020 _a9780789731975
041 _aeng
080 _a338
100 _a53
101 _aMEN
245 _aPROJECT MANAGMENT
_cHORINE.G.M
942 _2udc
_cBK
999 _c34523
_d34523